000 00334nam a2200133Ia 4500
008 240624s9999 xx 000 0 und d
041 _aeng
082 _a384.3 STE
100 _aSTEINBOCK DAN
245 _aCOMPETITION FOR THE MOBILE INTERNET
260 _c2003
_aNew York
_bSpringer
300 _aviii, : 223 : p.
365 _cERU
_b30
999 _c27151
_d27151